000
00209 a2200097 4500
001
55325
100
_a
245
_a
Tell me how book 1
260
_a
New delhi
_b
Blackie
_c
2005
090
_c
34310
_d
34310
942
_a
NUST-CAE
_c
MONOGRAPH
_c
27015
999
_c
290398
_d
290398